000
00277nam a2200109Ia 4500
001
587600
005
20250717113818.0
008
250717s9999 xx 000 0 und d
245
0
_a
W-2 DALTONLAR FİRARDA
_c
MORRIS GOSEINNY
260
_b
YAPI KREDİ YAYINLARI
_c
2020
300
_b
46
999
_c
587600
_d
587600